000 00613nam a2200193Ia 4500
003 GCL
008 140319s9999 xx 000 0 ara d
040 _aGCL /
_cGCL
082 0 4 _a252.24
_bم ح
100 1 _aسعيد بن عباس البلبى
245 1 0 _aحكم تارك الصلاة /
_cسعيد بن عباس البلبى
700 1 _aمحمد بن صالح بن عتمين
260 _a[S.N] :
_bمكتبة السنة للنشر والتوزيع ،
_c1992
300 _a63 ص
490 _a
650 0 4 _aالاحكام الشرعية
650 0 4 _aالفقه الاسلامى
942 _2ddc
_cBK
999 _c54385
_d54385